000
00237nam a2200097Ia 4500
001
660719
005
20250826160119.0
008
250824s9999 xx 000 0 und d
245
0
_a
17 Ejder Ateşi
_c
Kate McMullan
260
_b
BEYAZ BALİNA
999
_c
660719
_d
660719